The dynamics of real estate capital markets (Record no. 106977)
[ view plain ]
| 000 -LEADER | |
|---|---|
| fixed length control field | 01600cam a22002295a 4500 |
| 001 - CONTROL NUMBER | |
| control field | L138026 |
| 008 - FIXED-LENGTH DATA ELEMENTS--GENERAL INFORMATION | |
| fixed length control field | 070511s2006 xxu f 000 0 eng d |
| 020 ## - INTERNATIONAL STANDARD BOOK NUMBER | |
| International Standard Book Number | 0874209722 |
| -- | 9780874209723 |
| 035 ## - SYSTEM CONTROL NUMBER | |
| System control number | (Sirsi) u138026 |
| 041 0# - LANGUAGE CODE | |
| Language code of text/sound track or separate title | eng |
| 050 04 - LIBRARY OF CONGRESS CALL NUMBER | |
| Classification number | 333.3322 $2 22 |
| -- | 332.6324 $2 18 |
| 100 1# - MAIN ENTRY--PERSONAL NAME | |
| Personal name | McCoy, Bowen H. |
| 245 04 - TITLE STATEMENT | |
| Title | The dynamics of real estate capital markets |
| Remainder of title | a practitioner's perspective |
| 260 ## - PUBLICATION, DISTRIBUTION, ETC. | |
| Place of publication, distribution, etc. | Washington, D.C. |
| Date of publication, distribution, etc. | Urban Land Institute |
| -- | 2006 |
| 300 ## - PHYSICAL DESCRIPTION | |
| Extent | xii, 262p. |
| Dimensions | 26cm. |
| 350 ## - PRICE (NR) (BK AM CF MU VM SE) [OBSOLETE] | |
| Price | 12.22 |
| 505 2# - FORMATTED CONTENTS NOTE | |
| Formatted contents note | Overview and thoughts on the future -- Real estate capital markets in the 1970s and 1980s: an emerging asset class; growing securitisation issues -- Real estate capital markets in the 1990s: evolving valuation methods and pricing issues; globalisation; turmoil and restructuring; changing tools and processes -- Real estate capital markets in the 2000s: investment as affected by 9/11; a maturing asset class -- Values-based leadership: character and personal responsibility; globalisation of business ethics; ethics and real estate |
| 520 ## - SUMMARY, ETC. | |
| Summary, etc. | This collection of essays charts the dynamic changes in US real estate financing from the 1970s through to 2006. The essays cover a period of major changes in both Wall Street and real estate, and provide a commentary on how both institutions have fared. In addition to real estate capital markets, the text also looks at the role of ethics in real estate and business in general. |
| 651 #4 - SUBJECT ADDED ENTRY--GEOGRAPHIC NAME | |
| Geographic name | United States |
| Chronological subdivision | 1959- |
| 690 ## - LOCAL SUBJECT ADDED ENTRY--TOPICAL TERM (OCLC, RLIN) | |
| Topical term or geographic name as entry element | PROPERTY-COMMERCIAL PROPERTY-COMMERCIAL PROPERTY FINANCE AND INVESTMENT |
| 942 ## - ADDED ENTRY ELEMENTS (KOHA) | |
| Suppress in OPAC | 0 |
| Withdrawn status | Lost status | Source of classification or shelving scheme | Damaged status | Not for loan | Home library | Current library | Shelving location | Date acquired | Cost, normal purchase price | Total Checkouts | Full call number | Barcode | Date last seen | Date last checked out | Copy number | Cost, replacement price | Price effective from | Koha item type |
|---|---|---|---|---|---|---|---|---|---|---|---|---|---|---|---|---|---|---|
| Dewey Decimal Classification | London | London | Books | 12/06/2007 | 12.22 | 8 | 332.6324 MCC | 30073948 | 21/11/2023 | 04/12/2009 | 1 | 12.22 | 06/08/2019 | Book |